000
00249nam a2200109Ia 4500
100
_a
#N/A
942
_c
BK
654
_a
causes of stress
245
_a
Managing Executives Managing executives Stress
260
_b
#N/A
546
_a
ENGLISH
999
_c
33498
_d
33498